000 00949cam a2200253 a 4500
001 000005942
005 20200929151843.0
008 780413s1977 sp 001 p spa
020 _a8400036433 :
_c200ptas
040 _aDO-SdBNP
_cDLC
_dDLC
082 _a861.64
_bA458ó
100 1 _aAlquézar Penón, Gerardo J.
_916742
245 1 0 _aOratoria para una generación de desheredados /
_cGerardo J. Alquézar Penón.
260 _aZaragoza, España :
_bInstitución Fernando el Católico,
_c1977.
300 _a51 p. ;
_c25 cm.
490 1 _a"San Jorge"
_vvol. 15
490 1 _aPublicación de la Institución Fernando el Católico
_vno. 641
586 _aPremio "San Jorge", 1976.
650 4 _aPoesía española
_9631
650 4 _aLiteratura española
_ySIGLO XX
_93326
830 0 _a"San Jorge" ;
_vvol. 15.
_914363
830 0 _aPublicación de la Institución Fernando el Católico ;
_vno. 641
_914666
910 _aCatalogación por copia / LC
999 _c5738
_d5738